Score 0/12 Timer 00:30
7 Plays Today
Question Answer Wrong Answers
Berlin is the capital of Germany. True
87.6%
False
3.6%
Manila is the capital of the Philippines. True
87.3%
False
3.9%
Santiago is the capital of Chile. True
86.7%
False
4.4%
Pyongyang is the capital of North Korea. True
85.6%
False
5.5%
Barcelona is the capital of Spain. False
81.7%
True
9.8%
Guayaquil is the capital of Ecuador. False
80.7%
True
10.2%
Malé is the capital of the Maldives. True
72.7%
False
18.1%
Vaduz is the capital of Liechtenstein. True
71.4%
False
19.7%
Lautoka is the capital of Fiji. False
68.7%
True
22.1%
Auckland is the capital of New Zealand. False
67.6%
True
23.8%
Almaty is the capital of Kazakhstan. False
65%
True
26%
Aden is the capital of Yemen. False
61.8%
True
29.2%
Remove Ads.
Support Sporcle.
Get the best of Sporcle when you Go Orange. This ad-free experience offers more features, more stats, and more fun while also helping to support Sporcle. Thank you for becoming a member.

You're not logged in!

Compare scores with friends on all Sporcle quizzes.
OR
Log In

Show Comments

Extras

Top Quizzes Today


Score Distribution

Your Account Isn't Verified!

In order to create a playlist on Sporcle, you need to verify the email address you used during registration. Go to your Sporcle Settings to finish the process.

Report this User

Report this user for behavior that violates our Community Guidelines.

Details: